Ordenanzas formada para el régimen y gobierno del Monte Pío ó agregación á la Ilustre Cofradía de Nuestra Señora de los Dolores, bajo el título de la Santa Vera-Cruz
Descripción Física:
30 p. ; 15 cm
Materias:
Montepío de la Santa Vera-Cruz -- Regles
MARC
| LEADER | 00000nam a2200000Ia 4500 | ||
|---|---|---|---|
| 001 | 17970 | ||
| 008 | 160829s1863 xx 000 0 cat d | ||
| 080 | |a RF-2-20 | ||
| 100 | |a Montepío de la Santa Vera-Cruz |9 46633 | ||
| 245 | |a Ordenanzas formada para el régimen y gobierno del Monte Pío ó agregación á la Ilustre Cofradía de Nuestra Señora de los Dolores, bajo el título de la Santa Vera-Cruz | ||
| 260 | |a Barcelona : |b Imprenta de Narciso Ramírez y Rialp, |c 1863 | ||
| 300 | |a 30 p. ; |c 15 cm | ||
| 590 | |a Prové de 808, exp. 3-2 | ||
| 650 | |a Montepío de la Santa Vera-Cruz |x Regles |9 46634 | ||
| 856 | 4 | |u https://media.diba.cat/diba/fitxers/arxiu/fulletons/bib_17970_1863_baixa.pdf |y Accés lliure | |
| 856 | 4 | |u https://media.diba.cat/diba/fitxers/arxiu/fulletons/bib_17970_1863_baixa.pdf |y Accés lliure | |
| 901 | |a Arxiu | ||
| 942 | |n 1 |2 udc | ||
| 952 | |0 0 |1 0 |4 0 |6 RF220 |7 1 |9 53342 |a Arxiu |b Arxiu |d 2016-12-01 |l 0 |o RF-2-20 |p 17970 |r 2016-12-01 00:00:00 |w 2016-12-01 |y ARXIU | ||
| 999 | |c 57207 |d 57207 | ||
| 900 | |a bib_17970_1863_baixa.pdf | ||